Normal view
MARC view
- المصارف الاسلامية-المعاملات
Entry Topical Term
001 - CONTROL NUMBER
- control field: 62298
003 - CONTROL NUMBER IDENTIFIER
- control field: JO-AjAnu
005 - DATE AND TIME OF LATEST TRANSACTION
- control field: 20230606084157.0
008 - FIXED-LENGTH DATA ELEMENTS
- fixed length control field: 230606|| aca||aabn | a|a d
040 ## - CATALOGING SOURCE
- Original cataloging agency: JO-AjAnu
- Transcribing agency: JO-AjAnu
150 ## - HEADING--TOPICAL TERM
- Topical term or geographic name entry element: المصارف الاسلامية-المعاملات
670 ## - SOURCE DATA FOUND
- Source citation: Work cat.: (JO-AjAnu)31771: ارشيد، محمود عبد الكريم, author 62297, المدخل الشامل الى معاملات وعمليات المصارف الاسلامية